Passing the numeracy skills test / (Record no. 151225)

MARC details
000 -LEADER
fixed length control field 00598nam a22001937a 4500
005 - DATE AND TIME OF LATEST TRANSACTION
control field 20180416122945.0
010 ## - LCCN (DPL NO)
LC control number ENG-122581
020 ## - INTERNATIONAL STANDARD BOOK NUMBER
International Standard Book Number 9789352806027
Terms of availability 450.00
035 ## - SYSTEM CONTROL NUMBER
System control number EN-106113
037 ## - SOURCE OF ACQUISITION
Source of stock number/acquisition DBAD/PUB
082 ## - DEWEY DECIMAL CLASSIFICATION NUMBER
Classification number 510.24372
100 ## - MAIN ENTRY--PERSONAL NAME
Personal name Patmore, Mark
245 ## - TITLE STATEMENT
Title Passing the numeracy skills test /
Statement of responsibility, etc by Mark Patmore
Remainder of title
250 ## - EDITION STATEMENT
Edition statement 5th edn.
260 ## - PUBLICATION, DISTRIBUTION, ETC. (IMPRINT)
Place of publication, distribution, etc New Delhi
Name of publisher, distributor, etc Sage Publications
Date of publication, distribution, etc 2018
270 ## - ADDRESS
Address B-1/I-1, Mohan Cooperative Industrial Area, Mathura Road,
City New Delhi
Postal code 110044
300 ## - PHYSICAL DESCRIPTION
Extent 85p.
Dimensions 22m.(pbk)
Other physical details ill.
942 ## - ADDED ENTRY ELEMENTS (KOHA)
Source of classification or shelving scheme Dewey Decimal Classification
Item type English Books
Call number suffix PAT
Classification part 510.24372
Holdings
Withdrawn status Lost status Not for loan Collection code Home library Current library Date acquired Source of acquisition Cost, normal purchase price Full call number Barcode Copy number Cost, replacement price Koha item type
    Not For Loan Non-fiction D.B.Act.Division Central Library 16/04/2018 DBAD/PUB 450.00 510.24372 PAT EN-106113 1 450.00 English Books

© Delhi Public Library
Hit Counter
free hit counter